000 01094nam a2200217Ia 4500
999 _c37729
_d37729
001 3704
003 GE_BSU
005 20221031103027.0
008 181216s2007ru xx |||||||||||||| ||rus||
040 _cGE_BSU
041 _arus
080 _a323(479.9)Б-59
100 _aБибилашвили, Алла
_915657
245 _aСоциально-политические и этноконфессиональные проблемы Северного Кавказа /
_cАлла Бибилашвили, ред. Важа Кешелава.
264 _aТбилиси :
_bАхали Азри,
_c2007.
300 _a109 с.:
_b20 см.
653 _aСоциально-политические и этноконфессиональные проблемы Северного Кавказа.
653 _aჩრდილოეთ კავკასიის სოციალურ-პოლიტიკური და ეთნოკონფესიური პრობლემები.
700 _aКешелава, Важа
_eრედაქტორი
_915658
942 _cBK
_2udc